000 00430nam a2200145Ia 4500
008 230917s9999||||xx |||||||||||||| ||und||
040 _e171513
_aMAIN
041 _aEnglish
082 _a891.432751 KU529K
100 _aखुबालकर, उमाकान्त
245 0 _aखामोश नही है नारी
260 _aदिल्ली
_bनटराज
_c2004
300 _a84 पृ. p.
942 _cHN
999 _c124148
_d124148